| 000 | 00466nam a22001697a 4500 | ||
|---|---|---|---|
| 999 |
_c164138 _d164138 |
||
| 005 | 20190511154102.0 | ||
| 010 | _aB-608411 | ||
| 020 |
_a8171893880 _c60.00 |
||
| 035 | _aB-608411 | ||
| 037 | _bA Writers Workshop Redbird Publication | ||
| 082 | _a881 | ||
| 100 | _aSharma, Sanjula | ||
| 245 |
_aPoems / _cSanjula Sharma. |
||
| 260 |
_bA Writers Workshop Redbird Publication _c1992 |
||
| 300 |
_a58p _c22cm (hbk) |
||
| 942 |
_2ddc _cEN _h881 _mSHA |
||